000 00417nam a2200157Ia 4500
008 230711s9999||||xx |||||||||||||| ||und||
020 _a978-93-84559-98-4
041 _aENG
082 _a624.18341
_bRA-D
100 _aRamamrutham S
245 0 _aDesign of reinforced concrete structure
250 _a17th Ed.
260 _c2016
_aNew Delhi
_bDhanpat Rai & Co.(Pvt.)Ltd.
650 _aCivil Engineering
942 _cBK
999 _c4270
_d4270